<?xml version="1.0" encoding="UTF-8"?>
<record
    xmlns:xsi="http://www.w3.org/2001/XMLSchema-instance"
    xsi:schemaLocation="http://www.loc.gov/MARC21/slim http://www.loc.gov/standards/marcxml/schema/MARC21slim.xsd"
    xmlns="http://www.loc.gov/MARC21/slim">

  <leader>02180nam a2200289uu 4500</leader>
  <controlfield tag="001">1388730</controlfield>
  <controlfield tag="005">20260508085655.0</controlfield>
  <controlfield tag="007">cr|||||||</controlfield>
  <controlfield tag="008">141018s2014                        spa  </controlfield>
  <datafield tag="035" ind1=" " ind2=" ">
    <subfield code="a">1388730</subfield>
  </datafield>
  <datafield tag="040" ind1=" " ind2=" ">
    <subfield code="c">comduadb</subfield>
  </datafield>
  <datafield tag="041" ind1=" " ind2=" ">
    <subfield code="a">spa</subfield>
  </datafield>
  <datafield tag="080" ind1=" " ind2=" ">
    <subfield code="a">PCI</subfield>
  </datafield>
  <datafield tag="100" ind1="1" ind2="0">
    <subfield code="a">Valencia Gallego, Susana</subfield>
    <subfield code="4">aut</subfield>
    <subfield code="e">aut</subfield>
    <subfield code="9">717103</subfield>
  </datafield>
  <datafield tag="245" ind1="1" ind2="0">
    <subfield code="a">Simulaci&#xF3;n y actualizaci&#xF3;n del modelo hidr&#xE1;ulico de la red primaria del acueducto del Valle de Aburr&#xE1;</subfield>
  </datafield>
  <datafield tag="260" ind1=" " ind2=" ">
    <subfield code="a">Medell&#xED;n :</subfield>
    <subfield code="b">[sin publicador],</subfield>
    <subfield code="c">2014.</subfield>
  </datafield>
  <datafield tag="300" ind1=" " ind2=" ">
    <subfield code="a">94 p&#xE1;ginas</subfield>
  </datafield>
  <datafield tag="520" ind1="3" ind2=" ">
    <subfield code="a">El &#xE1;rea de operaci&#xF3;n y acueducto de Empresas P&#xFA;blicas de Medell&#xED;n requiere un modelo hidr&#xE1;ulico de sistemas de red primaria del acueducto del Valle de Aburr&#xE1;, como ayuda para definir soluciones &#xF3;ptimas a cualquier problema que se pueda presentar en su operaci&#xF3;n y mantenimiento. El sistema est&#xE1; compuesto principalmente por 38 estaciones de bombeo, 267 km de red de conducci&#xF3;n, 110 tanques de almacenamiento y 10 plantas de tratamiento. En este informe se explica e ilustra los procedimientos realizados para la creaci&#xF3;n y calibraci&#xF3;n de este modelo hidr&#xE1;ulico. La creaci&#xF3;n de un modelo hidr&#xE1;ulico inicia con la recopilaci&#xF3;n de la informaci&#xF3;n, que b&#xE1;sicamente se divide en: la topolog&#xED;a, condiciones iniciales y las demandas exigidas por la poblaci&#xF3;n al sistema. La calibraci&#xF3;n se bas&#xF3; en los par&#xE1;metros f&#xED;sicos de las v&#xE1;lvulas; el coeficiente de descarga y el comportamiento de la v&#xE1;lvula seg&#xFA;n el porcentaje de cierre versus el coeficiente de descarga. Los resultados de esta calibraci&#xF3;n son la comparaci&#xF3;n de los niveles de los tanques simulados con los niveles medidos en campo, para cada hora del periodo de 48 horas elegido para la calibraci&#xF3;n, este se eligi&#xF3; representando los cambios significativos que se puede presentar en cualquier circuito en una semana en el sistema.</subfield>
  </datafield>
  <datafield tag="650" ind1=" " ind2=" ">
    <subfield code="a">Modelos hidr&#xE1;ulicos</subfield>
    <subfield code="9">14389</subfield>
  </datafield>
  <datafield tag="650" ind1=" " ind2=" ">
    <subfield code="a">Valle de Aburr&#xE1; (Antioquia)</subfield>
    <subfield code="9">205482</subfield>
  </datafield>
  <datafield tag="650" ind1=" " ind2=" ">
    <subfield code="a">Acueductos</subfield>
    <subfield code="9">3247</subfield>
  </datafield>
  <datafield tag="700" ind1="1" ind2="0">
    <subfield code="a">Ca&#xF1;&#xF3;n Barriga, Julio Eduardo</subfield>
    <subfield code="4">ths</subfield>
    <subfield code="e">ths</subfield>
    <subfield code="9">606626</subfield>
  </datafield>
  <datafield tag="700" ind1="1" ind2="0">
    <subfield code="a">Zuluaga L&#xF3;pez, Juli&#xE1;n</subfield>
    <subfield code="4">ths</subfield>
    <subfield code="e">ths</subfield>
    <subfield code="9">719303</subfield>
  </datafield>
  <datafield tag="942" ind1=" " ind2=" ">
    <subfield code="c">TESIS</subfield>
  </datafield>
  <datafield tag="999" ind1=" " ind2=" ">
    <subfield code="c">699170</subfield>
    <subfield code="d">699170</subfield>
  </datafield>
  <datafield tag="502" ind1=" " ind2=" ">
    <subfield code="b">170</subfield>
    <subfield code="c">17</subfield>
  </datafield>
  <datafield tag="526" ind1=" " ind2=" ">
    <subfield code="a">172</subfield>
  </datafield>
  <datafield tag="952" ind1=" " ind2=" ">
    <subfield code="0">0</subfield>
    <subfield code="1">0</subfield>
    <subfield code="4">0</subfield>
    <subfield code="7">0</subfield>
    <subfield code="8">TESELEC</subfield>
    <subfield code="a">CENDI</subfield>
    <subfield code="b">CENDI</subfield>
    <subfield code="d">2014-10-18</subfield>
    <subfield code="i">C1214911</subfield>
    <subfield code="l">0</subfield>
    <subfield code="o">PCI 09151</subfield>
    <subfield code="r">2023-05-03 00:00:00</subfield>
    <subfield code="t">1</subfield>
    <subfield code="w">2023-05-03</subfield>
    <subfield code="y">INTER</subfield>
    <subfield code="z">Acceso restringido.</subfield>
  </datafield>
</record>
